Statistics for Geography by Letter - S

Click here to take the quiz!

General Stats

  • This quiz has been taken 55,747 times
    (21,877 since last reset)
  • The average score is 17 of 22

Answer Stats

HintAnswer% Correct
World's largest non-polar desertSahara
98%
Capital of SwedenStockholm
95%
Edinburgh is its capitalScotland
95%
Country with massive oil reservesSaudi Arabia
94%
World's 2nd most common
native language
Spanish
91%
The vast eastern regions of RussiaSiberia
87%
River that flows through ParisSeine
83%
Largest Mediterranean islandSicily
82%
Biggest city in South AmericaSão Paulo
82%
Canal connecting the
Mediterranean and Red Seas
Suez
82%
2010 FIFA World Cup hostsSouth Africa
81%
Capital of CaliforniaSacramento
79%
Nation in the Horn of AfricaSomalia
79%
One of the two main types of MuslimsSunni
78%
Rival to ancient AthensSparta
75%
The other oneShia
74%
Former name of Ho Chi Minh citySaigon
71%
Wealthy micronation known
for corporal punishment
Singapore
68%
12 pence, formerlyShilling
61%
Indigenous religion of JapanShinto
56%
Site of the AlamoSan Antonio
49%
Southwestern Chinese province
known for spicy cuisine
Sichuan
49%

Score Distribution

Percentile by Number Answered

Percent of People with Each Score

Your Score History

You have not taken this quiz since the last reset